000 00587nam a22001697a 4500
005 20120601142430.0
020 _a8187141158
_c600.00
035 _aA-996202
037 _aDPL
_bENG
100 _aTannan, M.L.
_948303
245 _aTannan's banking law and practice in India /
_cby M.L. Tannan
250 _arev. rprn.
260 _aNew Delhi
_bIndia Law House
_c2000
300 _avarious pages
_c20 cms.
942 _2ddc
_cEN
_h349.052
_mTAN
999 _c67410
_d67410